Большая книга зимних романов о любви (Запись № 2121792)

Подробности
000 -МАРКЕР
контрольное поле 02632nam0a2200373 4500
001 - ИДЕНТИФИКАТОР ЗАПИСИ
контрольное поле RU\NLR\bibl\1839298
005 - ИДЕНТИФИКАТОР ВЕРСИИ
контрольное поле 20260607063751.0
010 ## - МЕЖДУНАРОДНЫЙ СТАНДАРТНЫЙ НОМЕР КНИГИ (ISBN)
Номер (ISBN) 978-5-699-52655-0
Тираж 4000
021 ## - НОМЕР ГОСУДАРСТВЕННОЙ РЕГИСТРАЦИИ
Код страны Российская Федерация
Номер 2011-82020
Номер Листа государственной регистраци 553д/11
035 ## - ДРУГИЕ СИСТЕМНЫЕ НОМЕРА
Идентификатор записи (NLR Aleph) 001829766
100 ## - ДАННЫЕ ОБЩЕЙ ОБРАБОТКИ
Данные общей обработки 20111125d2011 |||y0rusy50 ca
101 0# - ЯЗЫК РЕСУРСА
Язык текста, звукозаписи и т.д. русский
102 ## - СТРАНА ПУБЛИКАЦИИ ИЛИ ПРОИЗВОДСТВА
Страна публикации Российская Федерация
105 ## - ПОЛЕ КОДИРОВАННЫХ ДАННЫХ: ТЕКСТОВЫЕ МАТЕРИАЛЫ, МОНОГРАФИЧЕСКИЕ
Кодированные данные о монографическом текстовом документе a |||||||||
200 1# - ЗАГЛАВИЕ И СВЕДЕНИЯ ОБ ОТВЕТСТВЕННОСТИ
Основное заглавие Большая книга зимних романов о любви
Сведения, относящиеся к заглавию [повести
-- для среднего школьного возраста]
Первые сведения об ответственности Вера Иванова, Елена Усачева, Юлия Фомина
210 ## - ПУБЛИКАЦИЯ, РАСПРОСТРАНЕНИЕ И ДР.
Место издания, распространения и т.д. Москва
Имя издателя, распространителя и т. д. Эксмо
Дата издания, распространения и т.д. 2011
215 ## - ФИЗИЧЕСКАЯ ХАРАКТЕРИСТИКА
Специфическое обозначение материала и объем 345, [2] с.
Другие сведения о физической характеристике ил.
Размеры 22
225 0# - СЕРИЯ
Основное заглавие серии Большая книга романов о любви для девочек
327 1# - ПРИМЕЧАНИЯ О СОДЕРЖАНИИ
Текст примечания Содерж.: Приз за характер / Вера Иванова. Соперница Снежной Королевы / Елена Усачева. Закрути роман с героем! / Юлия Фомина
464 #0 - АНАЛИТИЧЕСКИЙ УРОВЕНЬ
Встроенное поле 2001#$aПриз за характер$fВера Иванова
-- 700#1$3RU\NLR\auth\7721539$aИванова$bВ. В.$cдет. писатель$gВера Владимировна$4070
Заглавие Приз за характер
Автор Иванова, Вера Владимировна (дет. писатель)
464 #0 - АНАЛИТИЧЕСКИЙ УРОВЕНЬ
Встроенное поле 2001#$aСоперница Снежной Королевы$fЕлена Усачева
-- 700#1$3RU\NLR\auth\7764888$aУсачева$bЕ. А.$cписатель$f1975-$gЕлена Александровна$4070
Заглавие Соперница Снежной Королевы
Автор Усачева, Елена Александровна (писатель ; 1975-)
464 #0 - АНАЛИТИЧЕСКИЙ УРОВЕНЬ
Встроенное поле 2001#$aЗакрути роман с героем!$fЮлия Фомина
-- 700#1$3RU\NLR\auth\7755157$aФомина$bЮ. С.$cписатель$gЮлия Сергеевна$4070
Заглавие Закрути роман с героем!
Автор Фомина, Юлия Сергеевна (писатель)
686 ## - ИНДЕКСЫ ДРУГИХ КЛАССИФИКАЦИЙ
Индекс Ш9(2)62=Р7-4
700 #1 - ИМЯ ЛИЦА - ПЕРВИЧНАЯ ОТВЕТСТВЕННОСТЬ
Код отношения Автор
Графика поля Кириллица
Материалы, к которым относится поле rus
Начальный элемент ввода Иванова
Часть имени, кроме начального элемента ввода В. В.
Дополнения к именам, кроме дат дет. писатель, врач
Расширение инициалов личного имени Вера Владимировна
Системный номер авторитетной/нормативной записи 4601
Идентификатор авторитетной/нормативной записи RU\NLR\auth\7721539
701 #1 - ИМЯ ЛИЦА - АЛЬТЕРНАТИВНАЯ ОТВЕТСТВЕННОСТЬ
Код отношения Автор
Графика поля Кириллица
Материалы, к которым относится поле rus
Начальный элемент ввода Усачева
Часть имени, кроме начального элемента ввода Е. А.
Дополнения к именам, кроме дат писатель
Даты 1975-
Расширение инициалов личного имени Елена Александровна
Системный номер авторитетной/нормативной записи 47817
Идентификатор авторитетной/нормативной записи RU\NLR\auth\7764888
701 #1 - ИМЯ ЛИЦА - АЛЬТЕРНАТИВНАЯ ОТВЕТСТВЕННОСТЬ
Код отношения Автор
Графика поля Кириллица
Материалы, к которым относится поле rus
Начальный элемент ввода Фомина
Часть имени, кроме начального элемента ввода Ю. С.
Дополнения к именам, кроме дат писатель
Расширение инициалов личного имени Юлия Сергеевна
Системный номер авторитетной/нормативной записи 38089
Идентификатор авторитетной/нормативной записи RU\NLR\auth\7755157
801 #0 - ИСТОЧНИК ЗАПИСИ
Страна Российская Федерация
Организация NLR
Дата составления 20111125
Правила каталогизации RCR
801 #1 - ИСТОЧНИК ЗАПИСИ
Страна Российская Федерация
Организация NLR
Дата составления 20111125
942 ## - ДОПОЛНИТЕЛЬНЫЕ ЭЛЕМЕНТЫ ЗАПИСИ (АБИС)
Тип экземпляра АБИС Книга
980 ## - КОЛЛЕКЦИЯ
Название коллекции Национальная библиография
980 ## - КОЛЛЕКЦИЯ
Название коллекции НБР
Экземпляры
Тип экземпляра Дата поступления Источник поступления Библиотека постоянного хранения Библиотека текущего хранения Место хранения Шифр хранения Штрих-код Статус экземпляра
Книга 25.11.2011 Обязательный экземпляр РНБ (Московский) РНБ (Московский) Русский книжный фонд: издания с 1957 года 2011-5/9443 3542637  
Книга 25.11.2011 Обязательный экземпляр РНБ (Московский) РНБ (Московский) Обменный фонд   3542638